000 nam a22 7a 4500
999 _c233374
_d233374
003 Nust
005 20170307115408.0
008 170307b xxu||||| |||| 00| 0 eng d
040 _c0
050 _a628 KHA
082 _a628 KHA
100 _aNoman Khalid Khanzada
245 _aDesalination Of Brackish Water Using Reverse Osmosis
_cNoman Khalid Khanzada
260 _aIslamabad
_bIESE (SCEE) NUST
_c2016.
300 _a54 p.
_bHB.
440 _aMS Environmental Engineering
500 _aThesis MS EE
650 _aEnvironmental Engineering
700 _4Dr. Sher Jamal (Supervisor)
942 _2ddc
_cTHE
_kIESE